| 000 | 00536nam a22001937a 4500 | ||
|---|---|---|---|
| 003 | OSt | ||
| 005 | 20220706035437.0 | ||
| 008 | 160308b xxu||||| |||| 00| 0 eng d | ||
| 020 | _a978087552 | ||
| 040 |
_aMMU _beng _cMMU _dMMU |
||
| 050 |
_aBR157 _b.G74 2002 |
||
| 100 | _aGruss, Edmond C. | ||
| 245 |
_aCults and the occult/ _cEdmond C. Gruss. |
||
| 260 |
_aNew Jersey : _bP&R, _c 2002. |
||
| 300 | _av, 260 p. : | ||
| 500 | _aincludes bibliographic references and index | ||
| 650 | _aChristian Sects | ||
| 942 |
_2lcc _cLOAN LOAN |
||
| 999 |
_c15037 _d15037 |
||